|
|
|
|
| LEADER |
00000nam0a2200000 4500 |
| 001 |
106801 |
| 005 |
20231031115035.0 |
| 035 |
|
|
|a (RuTPU)RU\TPU\book\115337
|
| 090 |
|
|
|a 106801
|
| 100 |
|
|
|a 20061214d1980 m y0rusy50 ca
|
| 101 |
1 |
|
|a rus
|c cze
|
| 102 |
|
|
|a RU
|
| 105 |
|
|
|a a z 001zy
|
| 200 |
1 |
|
|a Полярографический анализ минерального сырья
|e пер. с чеш.
|f Я. Долежал, Й. Мусил
|
| 210 |
|
|
|a Москва
|c Мир
|d 1980
|
| 215 |
|
|
|a 262 с.
|c ил.
|
| 320 |
|
|
|a Библиогр.: с. 251-260.
|
| 610 |
1 |
|
|a геология
|
| 610 |
1 |
|
|a полярография
|
| 610 |
1 |
|
|a минеральное сырье
|
| 675 |
|
|
|a 553
|v 3
|
| 700 |
|
1 |
|a Долежал
|b Я.
|
| 701 |
|
1 |
|a Мусил
|b Й.
|
| 801 |
|
1 |
|a RU
|b 63413507
|c 20061214
|g PSBO
|
| 801 |
|
2 |
|a RU
|b 63413507
|c 20070221
|g PSBO
|
| 942 |
|
|
|c BK
|